LEADER 01066naa a2200217 u 4500 001 000000097917 003 CaOOAMICUS 005 20070226130152.0 008 050509s1980 it u000 u ita u 035 $a11045524 040 $aIAR$bita 100 1 $aDi Benedetto, Vincenzo,$d1934-$0(OLS)http://pul/name/61778 245 10$aModuli di una nuova doggetività nell'>Antigone< /$cVincenzo Di Benedetto. 260 $aPisa :$bScuola Normale,$c1980. 300 $aS. 79-123; ;$c25 cm 600 04$aSophocles,$dsec. V a.C.$tAntigone$9(Sophocles, sec. V a.C.).$0(OLS)http://pul/subject/31195 730 0 $aAnnali della Scuola normale superiore di Pisa, Classe di lettere e filosofia$g[Spogli].$0(OLS)http://pul/title/24292 773 0 $tAnnali della Scuola Normale Superiore di Pisa$gSerie III, vol. X,1 (1980). 773 0 $tAnnali della Scuola normale superiore di Pisa, Classe di lettere e filosofia$w()16982 996 $6245$aModuli di una nuova doggetività nell'>Antigone<$9(OLS)http://pul/title/124801 996 $6260$aPisa :$bScuola Normale$9(OLS)http://pul/publisher/79182 LEADER 01108nam a2200277 u 4500 001 000000025673 003 CaOOAMICUS 005 20070226111505.0 008 951016s1931 it u000 u ita u 035 $a10659097 040 $aIAR$bita 041 1 $aita$hheb 130 0 $aPirqê Abôth.$0(OLS)http://pul/title/35353 245 10$aPagine di morale ebraica :$b(Pirqê Abôth) /$ctraduzione dall'ebraico, introduzione e commento di Yoseph Colombo. 260 $aLanciano :$bCarabba,$c1931. 300 $a118 S. ;$c18 cm 490 1 $aCultura dell'anima 504 $a"Nota bibliografoca": [127]-128 650 4$aGiudaismo$xDottrine.$0(OLS)http://pul/subject/77 700 1 $aColombo, Yoseph.$0(OLS)http://pul/name/21258 830 0$aCultura dell'anima (Carabba).$0(OLS)http://pul/title/12231 850 $aPUL 852 $aPUL$W1$xDP1 Fondo Cecchetti$y53$m260 N 63$j35868$nBK-PRI$b $qFondi$B35868$CPULBib$Z2$F35868 $82 941 1 $a1 996 $6245$aPagine di morale ebraica :$b(Pirqê Abôth)$9(OLS)http://pul/title/35354 996 $6260$aLanciano :$bCarabba$9(OLS)http://pul/publisher/51250 LEADER 01940nam a2200385 a 4500 001 000000159093 003 CaOOAMICUS 005 20170223150647.0 008 170223s2016 it o u000 u ita r 020 $a978-88-6995-110-7* (3 vol.) 032 $aLibriCat 040 $aPUL$bita 082 14$a347.45092 245 00$aScritti in onore di Nicola Picardi /$ca cura di Antonio Briguglio, Roberto Martino, Andrea Panzarola, Bruno Sassani. 260 $aPisa :$bPacini editore,$c©2016. 300 $a3 v. :$bfoto ; $c24 cm. 490 1 $aPacini Giuridica 504 $aBibliografia in nota a piè pagina. 600 14$aPicardi, Nicola,$d1934-$0(OLS)http://pul/subject/44316 650 4$aProcedura civile$zItalia.$0(OLS)http://pul/subject/14566 700 1 $aSassani, Bruno.$0(OLS)http://pul/name/42429 700 1 $aMartino, Roberto.$0(OLS)http://pul/name/101662 700 1 $aBriguglio, Antonio.$0(OLS)http://pul/name/66037 700 1 $aPanzarola, Andrea.$0(OLS)http://pul/name/94536 830 0$aPacini Giuridica.$0(OLS)http://pul/title/198704 850 $aPUL 852 $aPUL$W1$xSL Diritto e Scienze Sociali 3$y79$m347. 45092 BRIAN 1.1$j182385$bt. 1$qDDC 21$B185593$CPULBib$Z2$F185593 $H129010 $81 852 $aPUL$W1$xSL Diritto e Scienze Sociali 3$y79$m347. 45092 BRIAN 1.2$j182386$bt. 2$qDDC 21$B185594$CPULBib$Z2$F185594 $H129011 $81 852 $aPUL$W1$xSL Diritto e Scienze Sociali 3$y79$m347. 45092 BRIAN 1.3$j182387$bt. 3$qDDC 21$B185595$CPULBib$Z2$F185595 $H129012 $81 941 1 $a9 996 $6020$a978-88-6995-110-7* (3 vol.)$9(OLS)http://pul/number/162118 996 $6082$a347.45092 $9(OLS)http://pul/classification/3039 996 $6245$aScritti in onore di Nicola Picardi$9(OLS)http://pul/title/198703 996 $6260$aPisa :$bPacini editore$9(OLS)http://pul/publisher/64470